| 000 | 004960000a22001210004500 | ||
|---|---|---|---|
| 100 | 1 | _aBenito, Marian. | |
| 245 | 1 | 0 | _aEl troglodita que llevamos dentro. |
| 300 | _aVol.16, no.191 (2000), p.28-34 | ||
| 520 | _aDecir que nuestra forma de ser, esto es, nuestro comportamiento, tiene mucho de troglodita no es ninguna metáfora, sino que se debe en buena parte a la herencia implacable de nuestra propia naturaleza . | ||
| 650 | 1 | 4 | _aCOMPORTAMIENTO |
| 773 | 0 | _tRevista muy interesante | |
| 942 | _cANA | ||
| 999 |
_c63216 _d63216 |
||